[Event "1st Torrelavega GM 2021"]
[Site "Torrelavega ESP"]
[Date "2021.10.19"]
[Round "1.3"]
[White "Gonzalez Laso, A."]
[Black "Delgado Ramirez, N."]
[Result "0-1"]
[WhiteElo "2272"]
[BlackElo "2596"]
[PlyCount "86"]
[EventDate "2021.10.19"]
[SourceVersionDate "2018.05.14"]

1. e4 c5 2. Nc3 Nc6 3. g3 g6 4. Bg2 Bg7 5. d3 d6 6. f4 e6 7. Nf3 Nge7 8. O-O
O-O 9. Be3 Rb8 10. Qd2 b5 11. Nh4 b4 12. Nd1 f5 13. exf5 gxf5 14. Re1 a5 15.
Nf3 a4 16. Rc1 h6 17. Bf2 Nd5 18. Nh4 Qf6 19. Ne3 Nxe3 20. Bxe3 Bd7 21. Rb1 a3
22. b3 Na7 23. Nf3 Nb5 24. Qf2 Nc3 25. Ra1 Nd5 26. Rab1 Nc3 27. Ra1 Rbd8 28.
Nd2 Bb5 29. Kh1 Nd5 30. Rab1 Qg6 31. Bf3 Kh8 32. Qg2 Bb2 33. Bxd5 exd5 34. Qxd5
Rc8 35. Kg1 Bc6 36. Qc4 Rce8 37. Qa6 Rc8 38. Re2 Qh5 39. Rf2 Rg8 40. Nf1 Qf7
41. Qc4 Bd5 42. Qa6 Bb7 43. Qc4 d5 0-1

[Event "1st Torrelavega GM 2021"]
[Site "Torrelavega ESP"]
[Date "2021.10.20"]
[Round "2.3"]
[White "Delgado Ramirez, N."]
[Black "Tejedor Fuente, Enrique"]
[Result "1-0"]
[WhiteElo "2596"]
[BlackElo "2439"]
[PlyCount "95"]
[EventDate "2021.10.19"]
[SourceVersionDate "2018.05.14"]

1. e4 e6 2. d4 d5 3. Nc3 Nf6 4. Bg5 Be7 5. e5 Nfd7 6. Bxe7 Qxe7 7. Nb5 Nb6 8.
c3 a6 9. Na3 c5 10. f4 Nc6 11. Nc2 cxd4 12. cxd4 Nc4 13. b3 Na3 14. Nf3 Nxc2+
15. Qxc2 Qa3 16. Qc1 Qb4+ 17. Qd2 Qa3 18. Bd3 Bd7 19. Rc1 Nb4 20. Bb1 O-O 21.
O-O Rac8 22. Rce1 h6 23. g4 Bb5 24. Rf2 Rc7 25. f5 Rfc8 26. g5 Rc1 27. fxe6
hxg5 28. exf7+ Kxf7 29. Qxg5 Rxb1 30. Rxb1 Bd3 31. e6+ Kg8 32. Re1 Nc2 33. Rxc2
Bxc2 34. e7 Be4 35. Rxe4 dxe4 36. Qd5+ Kh8 37. Qh5+ Kg8 38. e8=Q+ Rxe8 39.
Qxe8+ Kh7 40. Qxe4+ Kg8 41. Qe2 Qc1+ 42. Kg2 b5 43. h4 Kf7 44. Ng5+ Kg6 45.
Qe4+ Kh5 46. Nf3 Qb2+ 47. Kg3 Kh6 48. h5 1-0

[Event "1st Torrelavega GM 2021"]
[Site "Torrelavega ESP"]
[Date "2021.10.21"]
[Round "3.4"]
[White "Del Rio de Angelis, S."]
[Black "Delgado Ramirez, N."]
[Result "0-1"]
[WhiteElo "2503"]
[BlackElo "2596"]
[PlyCount "106"]
[EventDate "2021.10.19"]
[SourceVersionDate "2018.05.14"]

1. d4 Nf6 2. c4 e6 3. Nc3 Bb4 4. e3 Nc6 5. Bd3 e5 6. Nge2 Bxc3+ 7. bxc3 e4 8.
Bc2 Na5 9. Ng3 Nxc4 10. Nxe4 d5 11. Ng3 h5 12. O-O h4 13. Nh1 Qe7 14. Qe1 g5
15. e4 Rg8 16. e5 Nh5 17. f3 Be6 18. Nf2 O-O-O 19. Ng4 Kb8 20. Bd3 Qd7 21. Qe2
Qc6 22. Qc2 Rdf8 23. Bh7 Rg7 24. Nf6 Nf4 25. g3 hxg3 26. hxg3 Ng6 27. Kg2 Bc8
28. Rh1 Rh8 29. Bd2 Rd8 30. Rae1 Nf8 31. Bc1 a5 32. Kf2 g4 33. f4 Nxh7 34. Nxh7
Qb6 35. Nf6 Rg6 36. Rh5 Rxf6 37. exf6 Qxf6 38. Qh7 Qc6 39. Qxf7 Qa4 40. Qe7 Rd6
41. Qe2 Re6 42. Qd1 Qxa2+ 43. Re2 Rxe2+ 44. Qxe2 Qb1 45. Rxd5 Nb6 46. Rc5 Qxc1
47. Qe5 Qb2+ 48. Kg1 Qb1+ 49. Kg2 Qh7 50. f5 a4 51. d5 Bxf5 52. d6 Be4+ 53. Kf2
Bc6 0-1

[Event "1st Torrelavega GM 2021"]
[Site "Torrelavega ESP"]
[Date "2021.10.22"]
[Round "4.2"]
[White "Delgado Ramirez, N."]
[Black "Strikovic, A."]
[Result "1/2-1/2"]
[WhiteElo "2596"]
[BlackElo "2459"]
[PlyCount "77"]
[EventDate "2021.10.19"]
[SourceVersionDate "2018.05.14"]

1. e4 d6 2. d4 Nf6 3. Nc3 e5 4. f3 Be7 5. Be3 c6 6. Nge2 h5 7. Qd2 Nbd7 8. a4
O-O 9. d5 cxd5 10. exd5 Nh7 11. g3 f5 12. f4 Nhf6 13. h3 Re8 14. Bg2 Bf8 15. b3
g6 16. O-O Kh7 17. a5 Nc5 18. b4 Nce4 19. Nxe4 Nxe4 20. Qd3 Bg7 21. Ra3 Bd7 22.
c4 a6 23. Kh2 Rc8 24. Bb6 Qe7 25. Rc1 exf4 26. gxf4 Bb2 27. Rc2 Bxa3 28. Qxa3
g5 29. fxg5 Qe5+ 30. Kg1 f4 31. Qf3 Qxg5 32. Nxf4 Bf5 33. Be3 Qg3 34. Qxh5+ Kg8
35. Qxf5 Qxe3+ 36. Kh2 Qg3+ 37. Kg1 Qe3+ 38. Kh2 Qg3+ 39. Kg1 1/2-1/2

[Event "1st Torrelavega GM 2021"]
[Site "Torrelavega ESP"]
[Date "2021.10.24"]
[Round "5.5"]
[White "Bernal Moro, L."]
[Black "Delgado Ramirez, N."]
[Result "0-1"]
[WhiteElo "2433"]
[BlackElo "2596"]
[PlyCount "77"]
[EventDate "2021.10.19"]
[SourceVersionDate "2018.05.14"]

1. c4 c5 2. Nf3 Nc6 3. e3 e5 4. Nc3 Nf6 5. h3 g6 6. d4 e4 7. Nd2 cxd4 8. exd4
Bg7 9. d5 Nd4 10. Ndxe4 Nxe4 11. Nxe4 O-O 12. Bd3 f5 13. Ng5 Qe7+ 14. Kf1 d6
15. Bf4 h6 16. Nf3 g5 17. Be3 Nxf3 18. Qxf3 Bxb2 19. Re1 Qg7 20. g3 Be5 21. Bd2
Bd7 22. Kg2 b6 23. Be2 Rf7 24. Qd3 Raf8 25. Bh5 Rf6 26. f3 Rc8 27. Re2 Rff8 28.
Rhe1 a6 29. Bb4 Rfd8 30. Ba3 Rc7 31. Rxe5 dxe5 32. Bd6 Rcc8 33. Bxe5 Qf8 34.
Bg6 b5 35. d6 Be6 36. Ba1 Qxd6 37. Bxf5 Qxd3 38. Bxd3 Rxd3 39. Rxe6 0-1

[Event "1st Torrelavega GM 2021"]
[Site "Torrelavega ESP"]
[Date "2021.10.25"]
[Round "6.1"]
[White "Vega Gutierrez, S."]
[Black "Delgado Ramirez, N."]
[Result "0-1"]
[WhiteElo "2397"]
[BlackElo "2596"]
[PlyCount "104"]
[EventDate "2021.10.19"]
[SourceVersionDate "2018.05.14"]

1. e4 c5 2. Nf3 Nc6 3. d4 cxd4 4. Nxd4 e5 5. Nb5 d6 6. c4 Be7 7. N5c3 f5 8.
exf5 Bxf5 9. Bd3 Be6 10. Nd5 Nf6 11. Nbc3 Qd7 12. O-O O-O 13. Be3 Rae8 14. Nb5
Kh8 15. Nxf6 Rxf6 16. Bg5 Rff8 17. Qh5 Bg8 18. h4 Bxg5 19. hxg5 e4 20. Be2 a6
21. Nc3 Re5 22. Rad1 Qe7 23. Qh2 Rxg5 24. Qxd6 Qe8 25. Nd5 Ne5 26. Rd4 Nc6 27.
Rdd1 Qc8 28. Qc7 Qh3 29. Qh2 Qe6 30. Nf4 Qf6 31. Nh3 Rg6 32. Rd2 Be6 33. f4 e3
34. Rd6 Qxb2 35. Ng5 Rh6 36. Qg3 Nd4 37. Bd3 e2 38. Re1 Qc3 39. Ne4 Qb2 40. Qf2
Nf5 41. Rb6 Qa3 42. Qc5 Qxd3 43. Qxf8+ Bg8 44. Rxh6 Nxh6 45. Ng5 Qe3+ 46. Kh1
Qf2 47. Nf3 Ng4 48. Rg1 Qg3 49. Re1 Nf2+ 50. Kg1 Nh3+ 51. Kh1 Nxf4 52. Rg1 e1=Q
0-1

[Event "1st Torrelavega GM 2021"]
[Site "Torrelavega ESP"]
[Date "2021.10.26"]
[Round "7.5"]
[White "Delgado Ramirez, N."]
[Black "Campora, D."]
[Result "1-0"]
[WhiteElo "2596"]
[BlackElo "2410"]
[PlyCount "63"]
[EventDate "2021.10.19"]
[SourceVersionDate "2018.05.14"]

1. e4 e5 2. Nf3 Nc6 3. Nc3 Nf6 4. Bb5 Bb4 5. Bxc6 dxc6 6. d3 Qe7 7. Bd2 Bd6 8.
Ne2 c5 9. Ng3 Bd7 10. a3 h6 11. Qc1 Ng8 12. h3 g6 13. O-O f6 14. b4 b6 15. c3
h5 16. bxc5 bxc5 17. d4 h4 18. dxe5 hxg3 19. exd6 gxf2+ 20. Rxf2 cxd6 21. Qb1
O-O-O 22. e5 dxe5 23. Qxg6 Bc6 24. Re1 Qh7 25. Qg4+ Qd7 26. Qc4 Rh7 27. Be3 Qb7
28. Bxc5 Rc7 29. Bd6 Rg7 30. Rb2 Rxd6 31. Rxb7 Kxb7 32. Rb1+ 1-0

[Event "1st Torrelavega GM 2021"]
[Site "Torrelavega ESP"]
[Date "2021.10.27"]
[Round "8.2"]
[White "Iglesias Ferreira, Andres"]
[Black "Delgado Ramirez, N."]
[Result "1/2-1/2"]
[WhiteElo "2065"]
[BlackElo "2596"]
[PlyCount "103"]
[EventDate "2021.10.19"]
[SourceVersionDate "2018.05.14"]

1. e4 c5 2. Nf3 d6 3. d4 cxd4 4. Nxd4 Nf6 5. Nc3 Nc6 6. Bg5 Bd7 7. Nxc6 bxc6 8.
Bc4 e6 9. Qe2 h6 10. Bh4 Be7 11. O-O O-O 12. e5 dxe5 13. Qxe5 Ng4 14. Qe2 Bxh4
15. Qxg4 Bf6 16. Rfd1 Bxc3 17. bxc3 Qe7 18. Rd3 Rfd8 19. Rad1 Be8 20. Rxd8 Rxd8
21. Rxd8 Qxd8 22. Qd4 Qb6 23. h3 c5 24. Qd3 Ba4 25. Kh2 Qb8+ 26. Kg1 Bc6 27.
Qe3 Qd6 28. Qd3 Qe5 29. f3 g5 30. Kf2 Kg7 31. Qe3 Kf6 32. Qd3 h5 33. Qh7 Qf4
34. Bd3 h4 35. Qh8+ Ke7 36. Qc8 Qd6 37. Qa6 Kf6 38. Be2 Qc7 39. Qd3 Bd5 40. c4
Bb7 41. Qb3 Ke7 42. Qe3 Qg3+ 43. Kf1 Kd6 44. Qd2+ Kc6 45. Bd3 Kb6 46. Be2 a6
47. Qd8+ Ka7 48. Qe7 Qe5 49. Qxf7 Qa1+ 50. Kf2 Qd4+ 51. Kf1 Qa1+ 52. Kf2
1/2-1/2

[Event "1st Torrelavega GM 2021"]
[Site "Torrelavega ESP"]
[Date "2021.10.28"]
[Round "9.4"]
[White "Delgado Ramirez, N."]
[Black "Vasquez Schroeder, R."]
[Result "1/2-1/2"]
[WhiteElo "2596"]
[BlackElo "2467"]
[PlyCount "46"]
[EventDate "2021.10.19"]
[SourceVersionDate "2018.05.14"]

1. e4 c6 2. Nc3 d5 3. Nf3 Bg4 4. h3 Bxf3 5. Qxf3 Nf6 6. g3 Nxe4 7. Nxe4 dxe4 8.
Qxe4 Qd5 9. Bg2 Qxe4+ 10. Bxe4 Nd7 11. d3 e6 12. Ke2 Be7 13. Bg2 O-O 14. Rd1
Rfd8 15. c3 Nf6 16. Bg5 h6 17. Bxf6 Bxf6 18. d4 Rd7 19. Rd3 Rad8 20. Rad1 e5
21. dxe5 Rxd3 22. Rxd3 Rxd3 23. Kxd3 Bxe5 1/2-1/2

[Event "24th OIBM 2021"]
[Site "Tegernsee GER"]
[Date "2021.10.30"]
[Round "1.3"]
[White "Delgado Ramirez, N."]
[Black "Koehler, Lukas"]
[Result "1-0"]
[WhiteElo "2596"]
[BlackElo "2134"]
[PlyCount "89"]
[EventDate "2021.10.30"]
[SourceVersionDate "2018.05.14"]

1. e4 e5 2. Nf3 Nf6 3. Nxe5 d6 4. Nf3 Nxe4 5. Bd3 Nf6 6. O-O Be7 7. c3 Bg4 8.
Bc2 O-O 9. d4 Bh5 10. Nbd2 Re8 11. Nc4 Bg6 12. Bb3 Ne4 13. Ne3 c6 14. Ne1 Nf6
15. Nd3 Nbd7 16. Nf4 d5 17. Nxg6 hxg6 18. Qd3 Nb6 19. Bd2 Ne4 20. Be1 Qd7 21.
f3 Nf6 22. Bf2 Bd6 23. Rfe1 Qc7 24. Nf1 Rxe1 25. Rxe1 Re8 26. Rd1 Nh5 27. g3
Nf6 28. Kg2 Qd7 29. Ne3 Bc7 30. Bc2 Nh7 31. h4 Nf6 32. b3 Nh5 33. c4 f5 34. Nf1
Qf7 35. Nd2 Bb8 36. a4 Nd7 37. cxd5 cxd5 38. b4 Ndf6 39. Bb3 Qd7 40. Nf1 Qd6
41. Qb5 a6 42. Qxb7 Re2 43. Rc1 Rb2 44. Rc6 Qe7 45. Qxe7 1-0

[Event "24th OIBM 2021"]
[Site "Tegernsee GER"]
[Date "2021.10.31"]
[Round "2.2"]
[White "Huber, Benedikt"]
[Black "Delgado Ramirez, N."]
[Result "0-1"]
[WhiteElo "1797"]
[BlackElo "2596"]
[PlyCount "62"]
[EventDate "2021.10.30"]
[SourceVersionDate "2018.05.14"]

1. d4 Nf6 2. c4 e6 3. Nc3 Bb4 4. f3 d6 5. e4 c5 6. d5 O-O 7. Nge2 b5 8. Nf4
exd5 9. Nfxd5 Nxd5 10. Qxd5 Qb6 11. Bf4 bxc4 12. Qxd6 Be6 13. Qd2 Nc6 14. Kf2
Rad8 15. Qc1 Nd4 16. Nd5 Bxd5 17. exd5 Rxd5 18. Bxc4 Rf5 19. Rd1 Qf6 20. Be3
Re8 21. Kg1 Nxf3+ 22. gxf3 Rxf3 23. Bg5 Qg6 24. Kh1 Qe4 25. Kg1 Qg4+ 26. Kh1
Rf2 27. Bd5 Rxh2+ 28. Kxh2 Re2+ 29. Kh1 Qh3+ 30. Kg1 Qg3+ 31. Kh1 Qh2# 0-1

[Event "24th OIBM 2021"]
[Site "Tegernsee GER"]
[Date "2021.11.01"]
[Round "3.2"]
[White "Delgado Ramirez, N."]
[Black "Beikert, G."]
[Result "1-0"]
[WhiteElo "2596"]
[BlackElo "2396"]
[PlyCount "41"]
[EventDate "2021.10.30"]
[SourceVersionDate "2018.05.14"]

1. e4 d6 2. d4 Nf6 3. Nc3 e5 4. Nf3 Nbd7 5. Rg1 c6 6. g4 exd4 7. Nxd4 Nc5 8.
Qe2 g6 9. Bf4 Bg7 10. O-O-O O-O 11. Nf5 Bxf5 12. gxf5 Qb6 13. e5 dxe5 14. Be3
Rfd8 15. Qc4 Nd5 16. Nxd5 cxd5 17. Qxc5 d4 18. Qxb6 axb6 19. Bg5 f6 20. Bh4 Kh8
21. Bc4 1-0

[Event "4th Sharjah Masters 2021"]
[Site "Sharjah UAE"]
[Date "2021.09.17"]
[Round "1.27"]
[White "Delgado Ramirez, N."]
[Black "Paramzina, A."]
[Result "1-0"]
[WhiteElo "2588"]
[BlackElo "2256"]
[PlyCount "91"]
[EventDate "2021.09.17"]
[EventType "swiss"]
[SourceVersionDate "2018.05.14"]

1. e4 c5 2. Nf3 d6 3. Bc4 Nf6 4. d3 e6 5. Bb3 Be7 6. O-O O-O 7. Re1 Nc6 8. c3
d5 9. e5 Nd7 10. d4 b5 11. Bc2 b4 12. Qd3 g6 13. dxc5 Nxc5 14. Qe3 bxc3 15.
bxc3 Re8 16. Nbd2 Ba6 17. Nb3 Ne4 18. Qh6 Bf8 19. Qh3 Be7 20. Bxe4 dxe4 21.
Rxe4 Qd3 22. Re1 Qxc3 23. Qh6 Bf8 24. Qh4 Qc4 25. Bf4 Be7 26. Ng5 h5 27. Rac1
Qb4 28. Qg3 Rac8 29. h3 Nb8 30. Bd2 Qb5 31. Qf4 Bxg5 32. Qxg5 Nd7 33. Rcd1 Rc4
34. Bc1 Bb7 35. Ba3 Ra4 36. Be7 Rxa2 37. Nd4 Qb6 38. Re3 Rb2 39. Nf5 exf5 40.
Rd6 Rb1+ 41. Kh2 Rh1+ 42. Kxh1 Qb1+ 43. Kh2 f4 44. Red3 Nf8 45. Bxf8 f3 46.
Rxg6+ 1-0

[Event "4th Sharjah Masters 2021"]
[Site "Sharjah UAE"]
[Date "2021.09.18"]
[Round "2.5"]
[White "Narayanan, SL."]
[Black "Delgado Ramirez, N."]
[Result "1-0"]
[WhiteElo "2632"]
[BlackElo "2588"]
[PlyCount "107"]
[EventDate "2021.09.17"]
[EventType "swiss"]
[SourceVersionDate "2018.05.14"]

1. e4 c5 2. Nf3 Nc6 3. Bb5 e6 4. O-O Nge7 5. Re1 a6 6. Bf1 Nd4 7. Nxd4 cxd4 8.
c3 Nc6 9. Na3 Bxa3 10. bxa3 O-O 11. Bb2 d5 12. cxd4 dxe4 13. Rxe4 Ne7 14. a4
Bd7 15. d5 exd5 16. Rb4 Bc6 17. Bd3 Ng6 18. h4 Re8 19. Qg4 Qd6 20. Rd4 Ne5 21.
Qg3 f6 22. Bc3 Rad8 23. Bc2 Ng6 24. Qg4 Nf8 25. h5 h6 26. Rf4 Bd7 27. Qh4 Ne6
28. Rg4 Ng5 29. Rg3 Kh8 30. Bg6 Ne4 31. Re3 d4 32. Rd3 Nxc3 33. dxc3 Rf8 34.
Rxd4 Qc7 35. Rad1 Be6 36. Bb1 Bg8 37. Qg4 Rxd4 38. cxd4 Qc4 39. a5 Rd8 40. Qe4
Qb5 41. Qf5 Rd5 42. Qf3 Qb4 43. Qe3 Rxa5 44. Be4 Rxa2 45. d5 Qd6 46. Qg3 Qb4
47. Bf5 Qa4 48. Qg4 Qe8 49. d6 Re2 50. d7 Re1+ 51. Rxe1 Qxe1+ 52. Kh2 Qd2 53.
Qg3 Qd5 54. Qd3 1-0

[Event "4th Sharjah Masters 2021"]
[Site "Sharjah UAE"]
[Date "2021.09.19"]
[Round "3.17"]
[White "Delgado Ramirez, N."]
[Black "Ezat, M."]
[Result "1-0"]
[WhiteElo "2588"]
[BlackElo "2417"]
[PlyCount "111"]
[EventDate "2021.09.17"]
[EventType "swiss"]
[SourceVersionDate "2018.05.14"]

1. Nf3 Nf6 2. g3 g6 3. b3 Bg7 4. Bb2 O-O 5. Bg2 d6 6. d4 a5 7. a4 e5 8. dxe5
Nfd7 9. Nc3 Nxe5 10. Nxe5 Bxe5 11. Qd2 Nc6 12. O-O-O Nb4 13. Kb1 Re8 14. h4 h5
15. e4 Ra6 16. Rc1 Rb6 17. f4 Bg7 18. Rhf1 d5 19. e5 Bf5 20. Nd1 Nxc2 21. Rxc2
Rxb3 22. Ne3 Bxc2+ 23. Kxc2 Rb4 24. Qxd5 Rxa4 25. Qxd8 Rxd8 26. Bxb7 c6 27. Rc1
Re4 28. Re1 Bf8 29. Bc3 Bc5 30. Ng4 Rc4 31. Nf6+ Kf8 32. Ne4 Bb4 33. Ba6 Bxc3
34. Nxc3 Rcd4 35. Ne4 a4 36. Nd6 a3 37. Kc3 Ra4 38. Bc4 a2 39. Ra1 Rda8 40. Bb3
Ra3 41. Kb2 Ke7 42. Nxf7 Rxb3+ 43. Kxb3 Kxf7 44. Rxa2 Rc8 45. Rd2 c5 46. Rd7+
Ke6 47. Rd6+ Kf7 48. Kc4 Ra8 49. Rf6+ Kg7 50. f5 gxf5 51. Rxf5 Kg6 52. Rg5+ Kh6
53. Kxc5 Ra5+ 54. Kd6 Ra6+ 55. Ke7 Ra7+ 56. Kf6 1-0

[Event "4th Sharjah Masters 2021"]
[Site "Sharjah UAE"]
[Date "2021.09.20"]
[Round "4.6"]
[White "Eljanov, P."]
[Black "Delgado Ramirez, N."]
[Result "1-0"]
[WhiteElo "2680"]
[BlackElo "2588"]
[PlyCount "67"]
[EventDate "2021.09.17"]
[EventType "swiss"]
[SourceVersionDate "2018.05.14"]

1. e4 c5 2. Nf3 d6 3. d4 cxd4 4. Nxd4 Nf6 5. Nc3 a6 6. h3 e5 7. Nb3 Be6 8. f4
Nc6 9. f5 Bxb3 10. axb3 d5 11. exd5 Nd4 12. Bg5 h6 13. Bxf6 Qxf6 14. Qd3 Qxf5
15. O-O-O O-O-O 16. g4 Qxd3 17. Bxd3 Be7 18. Rhf1 Rhf8 19. Kb1 Bh4 20. b4 Be7
21. Na4 b5 22. Nc5 Bxc5 23. bxc5 Rxd5 24. b4 Ne6 25. Kb2 a5 26. Ra1 Rd4 27.
Rxa5 Rxb4+ 28. Kc3 Ra4 29. Rxb5 Kc7 30. Bc4 Nd8 31. Rb6 Ra3+ 32. Kb4 Ra7 33.
Bb5 Rb7 34. Rd1 1-0

[Event "4th Sharjah Masters 2021"]
[Site "Sharjah UAE"]
[Date "2021.09.21"]
[Round "5.17"]
[White "Delgado Ramirez, N."]
[Black "Khademalsharieh, S."]
[Result "1-0"]
[WhiteElo "2588"]
[BlackElo "2490"]
[PlyCount "83"]
[EventDate "2021.09.17"]
[EventType "swiss"]
[SourceVersionDate "2018.05.14"]

1. Nf3 d5 2. g3 g6 3. Bg2 c6 4. d4 Nf6 5. O-O Bg7 6. Nbd2 O-O 7. Re1 Ne4 8. c3
f5 9. Ne5 Nd7 10. Ndf3 Ndf6 11. Nd3 Qb6 12. Qc2 Be6 13. Nfe5 Rad8 14. f3 Nd6
15. Be3 Nf7 16. Qc1 Nh5 17. a4 a5 18. b4 Qc7 19. Nxf7 Rxf7 20. Nf4 Nxf4 21.
Bxf4 Qb6 22. Qe3 Bc8 23. Reb1 axb4 24. Rxb4 Qa5 25. Rab1 Re8 26. Be5 c5 27.
dxc5 Bxe5 28. Qxe5 Qxc5+ 29. Kf1 e6 30. f4 Qc7 31. Qe3 Rd7 32. Rb5 Ree7 33. h4
Rd6 34. c4 Rd8 35. Rc5 Qd6 36. cxd5 exd5 37. Bxd5+ Kg7 38. Qc3+ Kh6 39. Bf3 Qe6
40. a5 Red7 41. Kf2 Rd4 42. h5 1-0

[Event "4th Sharjah Masters 2021"]
[Site "Sharjah UAE"]
[Date "2021.09.22"]
[Round "6.10"]
[White "Delgado Ramirez, N."]
[Black "Martirosyan, Haik M."]
[Result "1-0"]
[WhiteElo "2588"]
[BlackElo "2636"]
[PlyCount "61"]
[EventDate "2021.09.17"]
[EventType "swiss"]
[SourceVersionDate "2018.05.14"]

1. e4 e5 2. Nf3 Nc6 3. Bb5 Nf6 4. O-O Nxe4 5. Re1 Nd6 6. Nxe5 Be7 7. Bf1 Nxe5
8. Rxe5 O-O 9. Nc3 Ne8 10. Nd5 Bd6 11. Re2 c6 12. Ne3 Bc7 13. Nf5 d5 14. Ne7+
Kh8 15. Nxc8 Rxc8 16. d4 Nf6 17. Qd3 Qd7 18. Bd2 Ne4 19. Bb4 Bd6 20. Be1 f5 21.
f3 Qf7 22. g3 c5 23. c3 c4 24. Qc2 Ng5 25. Bg2 Qh5 26. Re3 Qh6 27. Re2 Qh5 28.
Re3 Nh3+ 29. Kf1 f4 30. g4 Qxg4 31. Re5 1-0

[Event "4th Sharjah Masters 2021"]
[Site "Sharjah UAE"]
[Date "2021.09.23"]
[Round "7.4"]
[White "Maghsoodloo, Parham"]
[Black "Delgado Ramirez, N."]
[Result "1/2-1/2"]
[WhiteElo "2695"]
[BlackElo "2588"]
[PlyCount "67"]
[EventDate "2021.09.17"]
[EventType "swiss"]
[SourceVersionDate "2018.05.14"]

1. e4 c5 2. Nf3 d6 3. d4 cxd4 4. Nxd4 Nf6 5. Nc3 a6 6. Bg5 e6 7. f4 Be7 8. Qf3
Qc7 9. O-O-O Nbd7 10. g4 b5 11. Bxf6 Nxf6 12. g5 Nd7 13. f5 O-O 14. Rg1 b4 15.
Nce2 e5 16. f6 exd4 17. fxe7 Re8 18. Nxd4 Ne5 19. Qb3 Qc5 20. Rg2 g6 21. Qd5
Qxd5 22. exd5 Bb7 23. Ne2 Rxe7 24. Ng3 Nd7 25. Rd4 a5 26. Rgd2 Nc5 27. Bb5 Re5
28. h4 Rc8 29. b3 Kg7 30. Kb2 Re3 31. Nf1 Re5 32. Ng3 Re3 33. Nf1 Re5 34. Ng3
1/2-1/2

[Event "4th Sharjah Masters 2021"]
[Site "Sharjah UAE"]
[Date "2021.09.24"]
[Round "8.6"]
[White "Delgado Ramirez, N."]
[Black "Jumabayev, R."]
[Result "1/2-1/2"]
[WhiteElo "2588"]
[BlackElo "2651"]
[PlyCount "84"]
[EventDate "2021.09.17"]
[EventType "swiss"]
[SourceVersionDate "2018.05.14"]

1. e4 c5 2. Nf3 e6 3. Nc3 Nc6 4. Bb5 Nge7 5. O-O Ng6 6. d4 cxd4 7. Nxd4 Be7 8.
Be3 O-O 9. Be2 b6 10. Nxc6 dxc6 11. Qxd8 Rxd8 12. Rfd1 e5 13. a4 Nf4 14. Rxd8+
Bxd8 15. Bc4 Ne6 16. Ne2 Kf8 17. Nc1 Ke7 18. Nd3 f6 19. c3 Bc7 20. f3 a5 21.
Kf2 Nd8 22. h4 h5 23. Ke2 Nf7 24. Kd2 Nd6 25. Ba2 Ba6 26. Kc2 Nc4 27. Bxc4 Bxc4
28. b3 Be6 29. c4 Rg8 30. Rh1 f5 31. exf5 Bxf5 32. Kc3 Kf7 33. Nf2 Rd8 34. Ne4
Rd7 35. Ng5+ Kg6 36. Ne4 Bd8 37. Kc2 Kf7 38. Rd1 Rxd1 39. Kxd1 Bxe4 40. fxe4 c5
41. g3 g5 42. Bf2 gxh4 1/2-1/2

[Event "4th Sharjah Masters 2021"]
[Site "Sharjah UAE"]
[Date "2021.09.25"]
[Round "9.9"]
[White "Erigaisi, Arjun"]
[Black "Delgado Ramirez, N."]
[Result "1/2-1/2"]
[WhiteElo "2626"]
[BlackElo "2588"]
[PlyCount "176"]
[EventDate "2021.09.17"]
[EventType "swiss"]
[SourceVersionDate "2018.05.14"]

1. e4 c5 2. Nf3 d6 3. d4 cxd4 4. Nxd4 Nf6 5. Nc3 a6 6. Be3 Nc6 7. h3 e5 8. Nb3
Be6 9. Qf3 Rc8 10. O-O-O Nb4 11. a3 Rxc3 12. bxc3 Nc6 13. c4 Nd7 14. Qg3 Nf6
15. f3 Qc7 16. Qe1 Be7 17. Qc3 O-O 18. Bd3 Rc8 19. g4 Nd7 20. Kd2 Qd8 21. Qb2
Bg5 22. Bxg5 Qxg5+ 23. Ke2 Qh4 24. Qc3 b5 25. Qe1 Qxe1+ 26. Kxe1 bxc4 27. Bxc4
Bxc4 28. Rxd6 Nf8 29. Kf2 Ne6 30. Nd2 Na5 31. Nxc4 Nxc4 32. Rxa6 Nb2 33. Kg3 g6
34. Rh2 Nc4 35. Kf2 Nf4 36. Kg3 Ne3 37. Rf2 Nxc2 38. Ra5 h6 39. Rd2 Ne3 40. Kf2
Rc3 41. Rxe5 Nxh3+ 42. Ke1 Nc4 43. Rc5 Ng5 44. Rd8+ Kg7 45. Rdc8 Nxf3+ 46. Ke2
Nd4+ 47. Ke1 Re3+ 48. Kf2 Rf3+ 49. Ke1 Nxa3 50. Rd5 Nac2+ 51. Kd2 Rf4 52. e5
Rxg4 53. Rdd8 g5 54. Rh8 Kg6 55. Rcg8+ Kf5 56. Rg7 Rg2+ 57. Kc3 Kxe5 58. Rxf7
Nf5 59. Re8+ Kf4 60. Kd3 Nce3 61. Rxe3 Rf2 62. Re4+ Kg3 63. Re5 Rf3+ 64. Kd2
Nd4 65. Rh7 Rf6 66. Re4 Nf3+ 67. Ke2 g4 68. Rh8 Kh3 69. Re3 Kg2 70. Re7 Ng5 71.
Re3 g3 72. Rg8 Nf3 73. Rh8 Nd4+ 74. Kd3 Nf5 75. Ree8 Kf2 76. Rhg8 Kf3 77. Kd2
h5 78. Ref8 Rxf8 79. Rxf8 Kg4 80. Ke2 h4 81. Kf1 h3 82. Kg1 Nd4 83. Rg8+ Kf3
84. Rf8+ Ke4 85. Re8+ Kf5 86. Rf8+ Ke4 87. Re8+ Kf4 88. Rf8+ Ke5 1/2-1/2

[Event "TCh-ESP Rapid 2021"]
[Site "Ciudad Real ESP"]
[Date "2021.10.09"]
[Round "3.5"]
[White "Martin Duque, J."]
[Black "Delgado Ramirez, N."]
[Result "0-1"]
[WhiteElo "2416"]
[BlackElo "2596"]
[PlyCount "98"]
[EventDate "2021.10.09"]
[EventType "rapid"]
[SourceVersionDate "2018.05.14"]
[WhiteTeam "Collado Villalba"]
[BlackTeam "Gijon 64"]

1. Nf3 Nf6 2. b3 g6 3. Bb2 Bg7 4. g3 O-O 5. Bg2 d6 6. d4 c5 7. c4 Nc6 8. O-O
cxd4 9. Nxd4 Bd7 10. Nc3 Rc8 11. e3 a6 12. Qe2 Bg4 13. Qd2 Qd7 14. Rfe1 Bh3 15.
Bh1 h5 16. Rac1 h4 17. Nd5 Nxd5 18. cxd5 Ne5 19. f4 Ng4 20. e4 Rxc1 21. Rxc1
Nf6 22. Ne2 Rc8 23. Rxc8+ Qxc8 24. Bd4 Qg4 25. Qe3 Qh5 26. Bf3 Bg4 27. Bxf6
Bxf3 28. Bxg7 Bxe2 29. Bc3 hxg3 30. hxg3 Bf3 31. Kf2 Bg4 32. Kg1 Bf3 33. Kf2
Bh1 34. e5 dxe5 35. Qxe5 Qh2+ 36. Ke1 Qxg3+ 37. Kd2 f6 38. Qxe7 Qxf4+ 39. Kc2
Qe4+ 40. Qxe4 Bxe4+ 41. Kd2 Kf7 42. d6 Bc6 43. Ke3 g5 44. a4 Ke6 45. a5 f5 46.
Bb4 f4+ 47. Kf2 g4 48. Bd2 g3+ 49. Kg1 f3 0-1

[Event "TCh-ESP Rapid 2021"]
[Site "Ciudad Real ESP"]
[Date "2021.10.10"]
[Round "6.4"]
[White "Khamrakulov, I."]
[Black "Delgado Ramirez, N."]
[Result "1/2-1/2"]
[WhiteElo "2416"]
[BlackElo "2596"]
[PlyCount "74"]
[EventDate "2021.10.09"]
[EventType "rapid"]
[SourceVersionDate "2018.05.14"]
[WhiteTeam "64Villalba-Madrid - A"]
[BlackTeam "Gijon 64"]

1. e4 c5 2. c3 Nf6 3. e5 Nd5 4. Bc4 Nb6 5. Bb3 d5 6. exd6 Qxd6 7. d4 cxd4 8.
cxd4 g6 9. Nf3 Bg7 10. Nc3 O-O 11. Ne4 Qd8 12. Ne5 Nc6 13. Nxc6 bxc6 14. Be3
Ba6 15. Rc1 Nd5 16. Nc5 Bb5 17. a4 Ba6 18. Qd2 Bc8 19. O-O a5 20. Bh6 Rb8 21.
Bxg7 Kxg7 22. Bc4 Nb4 23. Rfe1 Qd6 24. Qe3 Nd5 25. Qe2 Nf4 26. Qxe7 Qxe7 27.
Rxe7 Rxb2 28. Rc7 h5 29. Nd7 Bxd7 30. Rxd7 Ne2+ 31. Bxe2 Rxe2 32. g3 Rb8 33.
Rc3 Ra2 34. Rf3 Rf8 35. Rc3 Re8 36. Rf3 Rf8 37. Rc3 Re8 1/2-1/2

[Event "TCh-ESP Rapid 2021"]
[Site "Ciudad Real ESP"]
[Date "2021.10.10"]
[Round "7.3"]
[White "Delgado Ramirez, N."]
[Black "Mkrtchyan, Levon"]
[Result "1-0"]
[WhiteElo "2596"]
[BlackElo "2259"]
[PlyCount "63"]
[EventDate "2021.10.09"]
[EventType "rapid"]
[SourceVersionDate "2018.05.14"]
[WhiteTeam "Gijon 64"]
[BlackTeam "Tajamar"]

1. e4 e6 2. d4 d5 3. Nc3 Bb4 4. exd5 exd5 5. Bd3 Nc6 6. a3 Ba5 7. Nge2 Nge7 8.
O-O O-O 9. Na4 Bb6 10. c3 Bf5 11. Ng3 Bxd3 12. Qxd3 Ng6 13. f4 f6 14. f5 Nge5
15. Qd1 Nc4 16. b3 Nd6 17. Qf3 Ne7 18. Nb2 c5 19. dxc5 Bxc5+ 20. Kh1 Rc8 21.
Nd3 Qd7 22. Bb2 Nf7 23. Nh5 Nh6 24. g4 Bd6 25. Rad1 Nf7 26. Qg2 Be5 27. Nxe5
Nxe5 28. c4 Qc7 29. g5 fxg5 30. Qxg5 Rf7 31. Rde1 Nd3 32. Bxg7 1-0